000 00384nam a22001337a 4500
008 230314b |||||||| |||| 00| 0 eng d
020 _a0043610021.
050 _aHV43.B49 1957
100 _aBiestek P.Felix..S.J
_952234
245 _aThe casework relationship.
_cFelix P.Biestek
260 _aLondon:
_bGeorge Allen &Unwin
_c1957.
300 _a149p;
_c22cm,
942 _2lcc
_cMONOGRAPH
999 _c131677
_d131677